00934 a2200205 45000010006000000050017000060080041000230030015000640400040000790800076001192450103001950200022002982640044003203000019003645050261003830410008006441000024006527000031006767000021007076392420260521160826.0260521a2002 arg spa dAR-UNSa-BCEJYS aAR-UNSa-BCEJYSbspacAR-UNSa-BCEJYS a657.23xCompensaciones. Correcciones. Ajustes (devaluación monetaria)10aAjusta por inflación con ExcelpPrepación de los estados contables en contextos inflacionarios a978-987-20416-1-8 1aBuenos Aires :bEdiciones Maurinac2002 a255 p.c23 cm. a1. Técnica contable de ajuste por inflación – 2. Caso de ajuste integral por inflación – 3. Caja y bancos. Moneda extranjera. Créditos y deudas – 4. Bienes de cambio – 5. Bienes de uso e intangibles – 6. Patrimonio neto y resultados –  aspa1 aViegas, Juan Carlos1 aGarcía Fronti, Inés M.1 aBresciani, Anita